000 00871nam a2200241Ia 4500
003 OSt
005 20220923221649.0
006 a|||||r|||| 00| 0
007 ta
008 220922b |||||||| |||| 00| 0 hin d
024 _a199,165
037 _cTextual
040 _aARTS
_cARTS
_bhin
041 _2hin
_ahin
082 _aP1595:3, 152K2
100 _aराणा, पुष्करशमशेर जंगबहादुर
_9165584
245 0 _aनेपाली सजिलो व्याकरण
246 _aNepālī sajilo vyākaraṇa
260 _aनेपाल नेपाली
_b भाषा प्रकाशिनी समिति
_c1962
300 _a109पृ.
_ccm.
942 _hP1595:3, 152K2
_cTEXL
_2CC
999 _c350940
_d350940